Managing your time; (Record no. 1132)

MARC details
000 -LEADER
fixed length control field 00739nam a2200229I 4500
001 - CONTROL NUMBER
control field 523098
003 - CONTROL NUMBER IDENTIFIER
control field OSt
005 - DATE AND TIME OF LATEST TRANSACTION
control field 20180904163428.0
008 - FIXED-LENGTH DATA ELEMENTS--GENERAL INFORMATION
fixed length control field 721222|1972||||||| |||||||eng|c
010 ## - LIBRARY OF CONGRESS CONTROL NUMBER
LC control number 67017239
040 ## - CATALOGING SOURCE
Original cataloging agency Univ of Cincinnati Lib
Transcribing agency CIN
Modifying agency CIN
082 ## - DEWEY DECIMAL CLASSIFICATION NUMBER
Classification number 658
Item number E588M
100 10 - MAIN ENTRY--PERSONAL NAME
Personal name Engstrom, Ted W.
Fuller form of name (Ted Wilhelm),
Dates associated with a name 1916-
245 10 - TITLE STATEMENT
Title Managing your time;
Remainder of title practical guidelines on the effective use of time,
Statement of responsibility, etc. [by] Ted W. Engstrom and R. Alex Mackenzie. Foreword by Herbert J. Taylor
260 0# - PUBLICATION, DISTRIBUTION, ETC.
Place of publication, distribution, etc. Grand Rapids,
Name of publisher, distributor, etc. [Zondervan,
Date of publication, distribution, etc. 1972, c1967]
300 ## - PHYSICAL DESCRIPTION
Extent 207 p.
Dimensions 18cm
500 ## - GENERAL NOTE
General note "Zondervan books."
504 ## - BIBLIOGRAPHY, ETC. NOTE
Bibliography, etc. note Includes bibliographies
650 #0 - SUBJECT ADDED ENTRY--TOPICAL TERM
Topical term or geographic name entry element Management
700 10 - ADDED ENTRY--PERSONAL NAME
Personal name Mackenzie, R. Alec
942 ## - ADDED ENTRY ELEMENTS (KOHA)
Source of classification or shelving scheme Dewey Decimal Classification
Koha item type Books
Holdings
Withdrawn status Lost status Source of classification or shelving scheme Damaged status Not for loan Collection code Home library Current library Shelving location Date acquired Cost, normal purchase price Total Checkouts Full call number Barcode Date last seen Price effective from Koha item type
    Dewey Decimal Classification     Non-fiction Harvest Mission College Harvest Mission College General Stacks 04.09.2018 200.00   658 E588M 001279 04.09.2018 04.09.2018 Books

OPAC Designed and Maintained by HMC Library Team.
Copyright © HMC Library,Greater Noida, UP.
For any Suggestions/Query Contact library via Email:libhmc@gmail.com